Recherches sur les terrains anciens des Asturies et de la Galice / (Record no. 172230)

MARC details
000 -LEADER
campo de control de longitud fija 00672nam a22001815i 4500
001 - NÚMERO DE CONTROL
campo de control 172230
003 - IDENTIFICADOR DE NÚMERO DE CONTROL
campo de control ES-MaACL
005 - FECHA Y HORA DE LA ÚLTIMA TRANSACCIÓN
campo de control 20230906214838.0
008 - DATOS DE LONGITUD FIJA--INFORMACIÓN GENERAL
campo de control de longitud fija 090619s1882 fr |||| | fre d
100 1# - ENTRADA PRINCIPAL--NOMBRE DE PERSONA
Nombre de persona Barrois, Charles.
9 (RLIN) 26037
245 10 - MENCIÓN DEL TÍTULO
Título Recherches sur les terrains anciens des Asturies et de la Galice /
Mención de responsabilidad, etc. par Charles Barrois.
260 ## - PUBLICACIÓN, DISTRIBUCIÓN, ETC.
Lugar de publicación, distribución, etc. Lille :
Nombre del editor, distribuidor, etc. Imprimerie et Librairie Six-Horemans,
Fecha de publicación, distribución, etc. 1882.
300 ## - DESCRIPCIÓN FÍSICA
Extensión 1 v. (20 h. de lám.) :
Otras características físicas il. ;
Dimensiones 29 cm.
500 ## - NOTA GENERAL
Nota general Solo el vol. de láminas.
650 14 - PUNTO DE ACCESO ADICIONAL DE MATERIA--TÉRMINO DE MATERIA
Término de materia o nombre geográfico como elemento de entrada Geología-
Subdivisión geográfica España.
9 (RLIN) 138819
650 #4 - PUNTO DE ACCESO ADICIONAL DE MATERIA--TÉRMINO DE MATERIA
Término de materia o nombre geográfico como elemento de entrada Paleontología-
Subdivisión geográfica España.
9 (RLIN) 140777
852 ## - LOCALIZACIÓN
Ubicación ES-MaACL
Número de control de estantería C-1805
Nota libre .- Legado de Federico de Botella y de Hornos
Holdings
Estatus retirado Estado de pérdida Estado de daño No para préstamo Colección Biblioteca de origen Biblioteca actual Ubicación en estantería Fecha de adquisición Fuente de adquisición Total de préstamos Signatura topográfica completa Código de barras Visto por última vez Precio de reemplazo Tipo de ítem Koha
        Libros del s. XIX Biblioteca del Ateneo de Madrid Biblioteca del Ateneo de Madrid Sala Palomar 19/06/2009     C-1805 1180743 23/02/2023 23/02/2023 Libro impreso antiguo